| 000 | 01088nam0a2200313 4500 | ||
|---|---|---|---|
| 001 | RU\NLR\bibl\936369 | ||
| 005 | 20260405161855.0 | ||
| 010 |
_a5-17-032952-0 _bАСТ |
||
| 010 |
_a5-9713-0323-3 _bАСТ МОСКВА |
||
| 010 |
_a5-9578-2526-3 _bТранзиткнига _97000 |
||
| 021 |
_aRU _b2006-10649 _9518 |
||
| 035 | _a(NLR Aleph) 000924569 | ||
| 090 |
_a121214 _c121214 |
||
| 100 | _a20060420d2006 |||y0rusy50 ca | ||
| 101 | 1 |
_arus _ceng |
|
| 102 | _aRU | ||
| 105 | _ay ||||||||| | ||
| 200 | 1 |
_aПервый всадник _e[роман] _fДжон Кейз _g[пер. с англ. Н. Гайдаш] |
|
| 210 |
_aМосква _cАСТ [и др.] _d2006 |
||
| 215 |
_a317 с. _d21 |
||
| 225 | 1 | _aИнтеллектуальный детектив | |
| 320 | _aДр. произведения авт. на 4-й с. обл. | ||
| 686 | _aШ6(7США)67-446{Лх1979-60} | ||
| 700 | 1 |
_4070 _8rus _7ca _aКейз _bД. _gДжон _3RU\NLR\auth\7768278 _951206 |
|
| 801 | 0 |
_aRU _bNLR _c20060420 _grcr |
|
| 801 | 1 |
_aRU _bNLR _c20060420 |
|
| 942 | _cBOOK | ||
| 980 | _aNB | ||